Volupte

Shranjeno v:
Bibliografske podrobnosti
Glavni avtor: Sainte-Beuve, Charles (Author)
Format: Knjiga
Jezik:francoščina
Izdano: París Charpentier 1872
Teme:
Oznake: Označite
Brez oznak, prvi označite!

MARC

LEADER 00000nam a2200000 a 4500
001 UCY9830
003 CL-VaPUC
008 950720e18720000FR |||||||||||||||||fre|d
082 0 4 |a 843  |b SAI  |2 21 
100 0 |a Sainte-Beuve, Charles  |e author  |9 342389 
245 1 0 |a Volupte 
300 |a 416 p 
942 |c BK 
945 |d 19950720 00:00:00  |a rbrito 
260 |a París  |b Charpentier  |c 1872 
650 0 |a Novela francesa  |9 264985 
583 |a last modification  |c 19950720 00:00:00  |k Rodrigo Vera 
999 |c 236864  |d 236862 
952 |0 0  |1 0  |4 0  |6 843_000000000000000_SAI_1872  |7 0  |8 P  |9 245211  |a BIBEDU  |b BIBEDU  |c BIBEDU_PB  |d 2019-11-18  |i 3103145  |o 843 SAI 1872  |p 3103145  |r 2024-01-25  |w 2019-11-18  |y BK  |k LIT